000 00508nam a2200193Ia 4500
008 131103s9999 xx 000 0 und d
040 _aLoreto College
041 _aEnglish
082 _a155.4/BOW
_bLCBED/342
100 _aBower,Tom
245 4 _aThe perceptual world of the child
_cTom Bower
260 _aGreat Britain
_bFontana
_c1977
300 _a92p.
_c 17cm.
440 _aThe developing child
504 _aIncludes index
650 _aPsychology
850 _aLCBED/155.4/BOW
942 _cBK
999 _c26611
_d77090